| 000 | 01541nam a2200469 i 4500 | ||
|---|---|---|---|
| 001 | 25055 | ||
| 003 | KOSZ 005 | ||
| 005 | 20200505135259.0 | ||
| 008 | 980702s1995 pl a f |000 0 pol | ||
| 015 | _aUWD 1996/4222 | ||
| 035 | _a991003985509705066 | ||
| 035 | _a(PL-WaBN)b11060438-48omnis_nlop | ||
| 035 | _ab11060438 | ||
| 035 | _a(OCoLC)804118643 | ||
| 035 | _a(PL)b0000001106043 | ||
| 035 | _a(EXLNZ-48OMNIS_NETWORK)9910115209205606 | ||
| 040 |
_aWA N _cWA N _dKOSZ 005/EG |
||
| 080 | _a621.43 | ||
| 080 | _a(075.8) | ||
| 100 | 1 |
_aKrasowski, Eugeniusz _d(1932- ) _eAutor |
|
| 245 | 1 | 0 |
_aSilniki spalinowe / _cEugeniusz Krasowski. |
| 250 | _a[Wyd. 3]. | ||
| 260 |
_aLublin : _bWydaw. Akademii Rolniczej, _c1995. |
||
| 300 |
_a287 s. : _brys., wykr. ; _c24 cm. |
||
| 336 |
_aTekst _btxt _2rdacontent |
||
| 337 |
_aBez urządzenia pośredniczącego _bn _2rdamedia |
||
| 338 |
_aWolumin _bnc _2rdacarrier |
||
| 380 | _aKsiążki | ||
| 380 | _aPublikacje dydaktyczne | ||
| 385 |
_mPoziom nauczania _aSzkoły wyższe |
||
| 388 | _a1901-2000 | ||
| 388 | _a1989-2000 | ||
| 504 | _aBibliogr. s. 281-282. | ||
| 650 | 7 |
_aSilniki spalinowe _2DBN |
|
| 650 | 7 | _aBudowa i konstrukcje | |
| 655 | 7 |
_aPodręczniki akademickie _2DBN |
|
| 658 | _aInżynieria i technika | ||
| 710 | 2 |
_aWydawnictwo Akademii Rolniczej (Lublin) _4pbl |
|
| 856 |
_uhttp://koha.tu.koszalin.pl/cgi-bin/koha/opac-detail.pl?biblionumber=25055 _yKatalog online BPK |
||
| 942 |
_2UKD _cKS |
||
| 999 |
_c25055 _d25055 |
||